| 000 | 01226cam a22002175a 4500 | ||
|---|---|---|---|
| 001 | L140898 | ||
| 008 | 071017s1924 xxk eng u | ||
| 035 | _a(Sirsi) u140898 | ||
| 041 | 0 | _aeng | |
| 110 | 2 |
_aW L Tiffen and Sons _95405 |
|
| 245 | 0 | 0 | _aIllustrated particulars, plans and conditions of sale of the whole of the freehold real estate of H.M. Factory, Gretna on the borders of Dumfriesshire and Cumberland, embracing the modern townships of Gretna and Eastriggs, and the Mossband, Longtown, and Dornock areas...comprising about 600 lots...for sale by auction by Messrs. W.L. Tiffen and Sons, in conjunction with Messrs. W.P. Gibbings and Son in the County Hall, Carlisle on Tuesday, Wednesday, Thursday and Friday, 22nd, 23rd, 24th and 25th July 1924... |
| 260 |
_aS.l. _bs.n. _c[1924] |
||
| 300 |
_a137 p. _bill., map, 37 cm. + _e5 plans (col. 84 x 87 cm., or smaller, folded to 34 x 22 cm., or smaller) |
||
| 340 | _aPrinted | ||
| 351 | _cSingle item | ||
| 500 | _aPlans are housed in a pocket on the inside of the rear cover. | ||
| 651 | 4 |
_aScotland _y1999- |
|
| 690 | _aPROPERTY-PROPERTY ACQUISITION AND DISPOSAL-ACQUISITION AND DISPOSAL AT AUCTION | ||
| 710 | 2 |
_aW P Gibbings and Son _95406 |
|
| 942 | _n0 | ||
| 999 |
_c116521 _d116521 |
||